Municipalities of Walworth County, Wisconsin - Statistics

General Stats
  • This quiz has been taken 109 times
    72 since last reset
  • The average score is 17 of 41
Answers on the Map
Answers color-coded by a green-red scale on the quiz's map according to % correct below.
 
Answer Stats
Answer % Correct
Census Designated Place of Delavan Lake
82%
City of Delavan
82%
City of Elkhorn
82%
City of Lake Geneva
82%
Town of Delavan
82%
Town of Geneva
82%
Town of Darien
73%
Village of Darien
73%
Town of Walworth
64%
Village of Walworth
64%
City of Burlington
55%
City of Whitewater
55%
Town of Whitewater
55%
Village of Fontana-on-Geneva Lake
55%
Village of Mukwonago
55%
Village of Williams Bay
55%
Census Designated Place of Como
45%
Town of East Troy
45%
Village of East Troy
45%
Village of Genoa City
45%
Census Designated Place of Lyons
36%
Town of Lyons
36%
Town of Sharon
36%
Village of Sharon
36%
Census Designated Place of Allens Grove
27%
Census Designated Place of Springfield
27%
Town of Bloomfield
27%
Town of Troy
27%
Village of Bloomfield
27%
Census Designated Place of Lake Ivanhoe
18%
Census Designated Place of Lake Lorraine
18%
Census Designated Place of Lauderdale Lakes
18%
Census Designated Place of Potter Lake
18%
Census Designated Place of Turtle Lake
18%
Town of Linn
18%
Town of Sugar Creek
18%
Census Designated Place of Big Foot Prairie
9%
Town of Lafayette
9%
Town of La Grange
9%
Town of Richmond
9%
Town of Spring Prairie
0%
No matching quizzes found
Score Distribution
Percent of People with Each Score
Percentile by Number Answered
Your Score History
You have not taken this quiz since the last reset